000 00951nas a2200277 4500
001 BR8400715
003 BR-BrBNA
005 20231205085800.0
007 ta
008 230509b bl.|||p| |||| 00| 00por d
040 _aBR-BrBNA
_bpor
_cBiblioteca Nacional de Agricultura
041 _a(Pt)
072 _aF60; F30
100 1 _aSantos, H.P. dos
100 1 _aMundstock, C.M.
245 1 _aEfeitos da competicao intra-especifica no desenvolvimento das inflorescencias de milho [Zea mays]
_bParte de tese
246 1 _aEffects of intraspecific competition on the development of corn inflorescences [Zea mays]
_b[Part of thesis]
650 _aMILHO
650 _aCACHO
650 _aESPIGA
650 _aPENDAO
650 _aCOMPETICAO DE VARIEDADE
773 0 _tPesquisa Agropecuaria Brasileira (Brazil)
_xISSN 0100-204X
_g(Nov 1983), v. 18(11) p. 1181-1185
_wBR8400715
909 _a202311
_bLúcia
_c55
_dLúcia Elande
942 _2AGRIS
_n0
_cANA
999 _c113778
_d113778